| 000 | 00000nas##2200000za#4500 |
| 001 | 9.500619 |
| 003 | CaOODSP |
| 005 | 20230202144024 |
| 007 | cr ||||||||||| |
| 008 | 150406c1998||||xxc|| p o||||f| |0eng|d |
| 040 | |aCaOODSP|beng |
| 041 | |aeng |
| 041 | |afre |
| 043 | |an-cn--- |
| 086 | 1 |aHP17-3-PDF |
| 110 | 2 |aNational Clearinghouse on Family Violence (Canada). |
| 245 | 10|aCanada's treatment programs for men who abuse their partners |h[electronic resource] |
| 260 | |aOttawa - Ontario : |bPublic Health Agency of Canada. |c1998-. |
| 310 | |aIrregular |
| 500 | |aIssued by Health Canada until 2004. |
| 546 | |a(Bilingual) |
| 690 | 07|aCounselling services|2gcpds |
| 690 | 07|aFamily violence|2gcpds |
| 690 | 07|aSocial programs|2gcpds |
| 690 | 07|aViolence against women|2gcpds |
| 792 | |tRépertoire canadien des programmes de traitement pour les hommes violents envers leur conjointe |efre|w(CaOODSP)9.500620 |